| 000 | 00436pab a2200145 454500 | ||
|---|---|---|---|
| 008 | 180718b1984 xxu||||| |||| 00| 0 eng d | ||
| 100 | _aKnott, John William | ||
| 245 |
_aLand, kinship an identity _bThe cultural roots of agrarian in eighteenth and nineteenth century Ireland |
||
| 260 | _c1984 | ||
| 300 | _a93-108 | ||
| 362 | _aOct. | ||
| 650 | _aPeasant Uprisings - Ireland | ||
| 773 | _aJournal of Peasant Studies | ||
| 909 | _a14772 | ||
| 999 |
_c14772 _d14772 |
||